| 000 | 00499nam a2200169 4500 | ||
|---|---|---|---|
| 001 | 123448 | ||
| 003 | ES-MaACL | ||
| 005 | 20230906192156.0 | ||
| 007 | t| | ||
| 008 | 070214s1987 sp r ||||1| spa d | ||
| 245 | 0 | 0 |
_aQuienes amenazan la paz / _ctraducción al español Editorial Progreso. |
| 250 | _a4ª. ed. | ||
| 260 |
_aMoscú : _bEditora Militar : Progreso, _c1987. |
||
| 300 |
_a110 p. ; _c25 cm. |
||
| 710 | 2 |
_aEditorial Progreso (Moscú) _93448 |
|
| 852 |
_aES-MaACL _jL-11858 _bR.113957 |
||
| 999 |
_c123448 _d123448 |
||